Statistiques concernant Muses de la mythologie grecque

Cliquez ici pour prendre le quiz!

Statistiques générales

  • Ce quiz a été pris 68 fois
  • Le résultat moyen est 5 sur 9

Statistiques - réponses

Rôles/Attributs Muses % Correct
HistoireClio
92%
MusiqueEuterpe
63%
Poésie lyriqueErato
61%
ComédieThalie
57%
AstronomieUranie
57%
DanseTerpsichore
57%
TragédieMelpomène
53%
Poésie épiqueCalliope
47%
RhétoriquePolymnie
37%

Distribution des résultats

Percentile by Number Answered

% des personnes avec chaque résultat

Votre développement - résultats

Vous n’avez pas pris ce quiz